Mushrooms - Statistics

General Stats
  • This quiz has been taken 115 times
  • The average score is 2 of 5
Answer Stats
Picture Answer % Correct
Chanterelle
76%
Oyster
69%
Fly agaric
66%
Portabella
21%
Cremini
15%
No matching quizzes found
Score Distribution
Percent of People with Each Score
Percentile by Number Answered
Your Score History
You have not taken this quiz